[Event "MSR_ch20"]
[Site "?"]
[Date "2024.04.12"]
[Round "9.13"]
[White "Kulich, Daniel"]
[Black "Oslej, Marek"]
[Result "1-0"]
[BlackElo "1806"]
[WhiteElo "1941"]
[LiveChessVersion "1.4.8"]

1. Nf3 {[%clk 1:30:57]} Nf6 {[%clk 1:30:49]} 2. c4 {[%clk 1:31:00]} c5
{[%clk 1:30:55]} 3. g3 {[%clk 1:31:22]} Nc6 {[%clk 1:31:06]} 4. Bg2
{[%clk 1:31:44]} e6 {[%clk 1:30:43]} 5. O-O {[%clk 1:31:51]} Be7 {[%clk 1:30:43]}
6. Nc3 {[%clk 1:32:10]} d5 {[%clk 1:29:49]} 7. cxd5 {[%clk 1:32:31]} exd5
{[%clk 1:30:17]} 8. d4 {[%clk 1:32:52]} Be6 {[%clk 1:26:08]} 9. Be3
{[%clk 1:32:59]} c4 {[%clk 1:24:43]} 10. Ne5 {[%clk 1:31:44]} Nxe5
{[%clk 1:15:46]} 11. dxe5 {[%clk 1:31:23]} Ng4 {[%clk 1:16:07]} 12. Nxd5
{[%clk 1:31:14]} Nxe5 {[%clk 1:14:56]} 13. Nxe7 {[%clk 1:31:16]} Qxe7
{[%clk 1:15:01]} 14. Qa4+ {[%clk 1:27:37]} Bd7 {[%clk 1:15:02]} 15. Qc2
{[%clk 1:27:52]} Be6 {[%clk 1:03:53]} 16. Bd4 {[%clk 1:26:51]} f6
{[%clk 1:03:12]} 17. Bxe5 {[%clk 1:25:15]} fxe5 {[%clk 1:03:39]} 18. Qe4
{[%clk 1:25:37]} O-O {[%clk 0:58:45]} 19. Qxe5 {[%clk 1:25:50]} Rab8
{[%clk 0:55:24]} 20. Bd5 {[%clk 1:19:22]} Rfe8 {[%clk 0:55:36]} 21. Rfd1
{[%clk 1:13:32]} Bxd5 {[%clk 0:54:01]} 22. Qxd5+ {[%clk 1:06:31]} Qe6
{[%clk 0:54:21]} 23. Qxe6+ {[%clk 1:06:41]} Rxe6 {[%clk 0:54:49]} 24. Kf1
{[%clk 1:05:53]} b5 {[%clk 0:52:14]} 25. Rac1 {[%clk 1:02:33]} Rbe8
{[%clk 0:48:17]} 26. Rd2 {[%clk 1:00:30]} a6 {[%clk 0:47:57]} 27. b3
{[%clk 0:59:07]} cxb3 {[%clk 0:47:34]} 28. axb3 {[%clk 0:59:33]} R8e7
{[%clk 0:46:06]} 29. e3 {[%clk 0:57:35]} Kf7 {[%clk 0:45:42]} 30. Ra1
{[%clk 0:57:45]} Rc7 {[%clk 0:43:38]} 31. Rad1 {[%clk 0:54:04]} Ke7
{[%clk 0:42:34]} 32. Ke2 {[%clk 0:49:41]} Rec6 {[%clk 0:42:50]} 33. Rd3
{[%clk 0:49:47]} Rc2+ {[%clk 0:38:44]} 34. R1d2 {[%clk 0:50:10]} Rc1
{[%clk 0:38:26]} 35. h4 {[%clk 0:50:09]} Ra1 {[%clk 0:35:36]} 36. e4
{[%clk 0:49:23]} a5 {[%clk 0:33:03]} 37. Rd5 {[%clk 0:47:50]} b4 {[%clk 0:33:09]}
38. Re5+ {[%clk 0:47:35]} Kf7 {[%clk 0:32:57]} 39. Rdd5 {[%clk 0:46:04]} a4
{[%clk 0:23:53]} 40. bxa4 {[%clk 0:46:06]} b3 {[%clk 0:23:59]} 41. Rb5
{[%clk 0:45:55]} Rc2+ {[%clk 0:24:00]} 42. Kf3 {[%clk 0:42:03]} b2
{[%clk 0:23:56]} 43. Rb7+ {[%clk 0:42:26]} Kf6 {[%clk 0:18:47]} 44. Reb5
{[%clk 0:40:08]} Ra3+ {[%clk 0:18:12]} 45. Kg4 {[%clk 0:34:14]} Rxa4
{[%clk 0:12:09]} 46. f3 {[%clk 0:31:28]} Rc3 {[%clk 0:04:54]} 47. Rxb2
{[%clk 0:29:08]} Raa3 {[%clk 0:03:22]} 48. Rf2 {[%clk 0:29:31]} Re3
{[%clk 0:01:23]} 49. Rb5 {[%clk 0:28:19]} g6 {[%clk 0:29:52]} 50. Kf4
{[%clk 0:58:20]} Ke6 {[%clk 0:28:44]} 51. Rb6+ {[%clk 0:58:37]} Kf7
{[%clk 0:28:54]} 52. g4 {[%clk 0:58:36]} h6 {[%clk 0:28:31]} 53. g5
{[%clk 0:58:37]} h5 {[%clk 0:28:24]} 54. Rb7+ {[%clk 0:58:20]} Kg8
{[%clk 0:28:16]} 55. e5 {[%clk 0:51:15]} Kf8 {[%clk 0:27:41]} 56. Rb6
{[%clk 0:44:17]} Kf7 {[%clk 0:27:57]} 57. Rf6+ {[%clk 0:44:21]} Kg7
{[%clk 0:27:49]} 58. e6 {[%clk 0:41:16]} Kh7 {[%clk 0:26:40]} 59. Rd2
{[%clk 0:38:58]} Rxf3+ {[%clk 0:26:35]} 60. Ke5 {[%clk 0:39:21]} Rfe3+
{[%clk 0:19:53]} 61. Kd6 {[%clk 0:39:28]} Ra7 {[%clk 0:13:23]} 62. Kc6
{[%clk 0:33:06]} Rc3+ {[%clk 0:04:33]} 63. Kb6 {[%clk 0:33:01]} Ra8
{[%clk 0:04:26]} 64. Rd7+ {[%clk 0:33:09]} Kh8 {[%clk 0:04:24]} 65. e7
{[%clk 0:30:25]} Rb3+ {[%clk 0:03:31]} 66. Kc5 {[%clk 0:29:52]} Rc8+
{[%clk 0:02:45]} 67. Kd4 {[%clk 0:28:02]} Rb4+ {[%clk 0:02:37]} 68. Ke3
{[%clk 0:28:22]} Rb3+ {[%clk 0:02:06]} 69. Ke4 {[%clk 0:28:07]} Rb4+
{[%clk 0:02:22]} 70. Ke5 {[%clk 0:27:44]} Rb5+ {[%clk 0:01:58]} 71. Ke6
{[%clk 0:27:30]} Rb6+ {[%clk 0:01:24]} 72. Kf7 {[%clk 0:27:48]} Rbb8
{[%clk 0:00:43]} 73. Rxg6 {[%clk 0:27:52]} Rf8+ {[%clk 0:00:52]} 74. exf8=Q+
Rxf8+ {[%clk 0:01:05]} 75. Ke7 {[%clk 0:25:49]} Re8+ {[%clk 0:00:47]} 76. Kd6
{[%clk 0:26:10]} Re6+ {[%clk 0:00:45]} 77. Rxe6 {[%clk 0:26:32]} 1-0

[Event "MSR_ch20"]
[Site "?"]
[Date "2024.04.12"]
[Round "9.15"]
[White "Vojtas, Marek"]
[Black "Turis, Ondrej"]
[Result "0-1"]
[BlackElo "1866"]
[WhiteElo "1676"]
[LiveChessVersion "1.4.8"]

1. e4 {[%clk 1:28:34]} c5 {[%clk 1:30:52]} 2. Nc3 {[%clk 1:28:29]} Nc6
{[%clk 1:31:06]} 3. Bb5 {[%clk 1:28:15]} Nd4 {[%clk 1:31:18]} 4. Nf3
{[%clk 1:28:06]} Nxb5 {[%clk 1:31:42]} 5. Nxb5 {[%clk 1:28:31]} g6
{[%clk 1:31:10]} 6. O-O {[%clk 1:28:27]} Bg7 {[%clk 1:31:30]} 7. d4
{[%clk 1:28:25]} a6 {[%clk 1:31:29]} 8. Nc3 {[%clk 1:28:38]} cxd4
{[%clk 1:31:42]} 9. Nxd4 {[%clk 1:29:02]} d6 {[%clk 1:31:32]} 10. Kh1
{[%clk 1:28:50]} Nf6 {[%clk 1:31:39]} 11. f4 {[%clk 1:28:45]} O-O
{[%clk 1:29:59]} 12. Nf3 {[%clk 1:24:05]} Qc7 {[%clk 1:23:15]} 13. Qe1
{[%clk 1:23:26]} Be6 {[%clk 1:17:09]} 14. e5 {[%clk 1:07:56]} dxe5
{[%clk 1:17:20]} 15. Nxe5 {[%clk 1:05:18]} Rfd8 {[%clk 1:12:53]} 16. Be3
{[%clk 1:02:38]} b5 {[%clk 1:12:58]} 17. Qe2 {[%clk 1:02:03]} Nd5
{[%clk 1:11:32]} 18. Nxd5 {[%clk 1:00:27]} Bxd5 {[%clk 1:11:53]} 19. Nd3
{[%clk 1:00:44]} Bc4 {[%clk 1:10:50]} 20. f5 {[%clk 1:00:00]} Bxb2
{[%clk 1:09:29]} 21. fxg6 {[%clk 0:56:35]} hxg6 {[%clk 1:09:48]} 22. Bf4
{[%clk 0:53:17]} Qb7 {[%clk 1:02:41]} 23. Rad1 {[%clk 0:49:30]} Bf6
{[%clk 0:59:52]} 24. Qg4 {[%clk 0:42:58]} Qc8 {[%clk 0:56:29]} 25. Qg3
{[%clk 0:42:08]} Ra7 {[%clk 0:55:57]} 26. Ne5 {[%clk 0:39:19]} Bxf1
{[%clk 0:52:53]} 27. Rxf1 {[%clk 0:35:12]} Qxc2 {[%clk 0:51:49]} 28. h4
{[%clk 0:32:43]} Rd1 {[%clk 0:51:16]} 29. Rxd1 {[%clk 0:32:02]} Qxd1+
{[%clk 0:51:39]} 30. Kh2 {[%clk 0:32:29]} Qh5 {[%clk 0:51:55]} 31. Nf3
{[%clk 0:29:28]} Rd7 {[%clk 0:51:43]} 32. Qh3 {[%clk 0:26:39]} Rd3
{[%clk 0:50:20]} 33. Qc8+ {[%clk 0:26:24]} Kg7 {[%clk 0:50:47]} 34. g4
{[%clk 0:25:21]} Qh8 {[%clk 0:47:39]} 35. Qb7 {[%clk 0:22:15]} Bxh4
{[%clk 0:47:31]} 36. Qe4 {[%clk 0:21:06]} Bf6+ {[%clk 0:46:00]} 37. Kg2
{[%clk 0:21:31]} Qd8 {[%clk 0:45:09]} 38. g5 {[%clk 0:19:25]} Ba1
{[%clk 0:44:31]} 39. Qe1 {[%clk 0:15:52]} Rd1 {[%clk 0:43:37]} 40. Qh4
{[%clk 0:10:50]} Qh8 {[%clk 0:43:58]} 41. Qf2 {[%clk 0:11:16]} Qh1+
{[%clk 0:44:10]} 42. Kg3 {[%clk 0:11:41]} Rd3 {[%clk 0:42:55]} 43. Be3
{[%clk 0:11:11]} Rd1 {[%clk 0:38:55]} 44. Bf4 {[%clk 0:10:51]} Rf1
{[%clk 0:38:57]} 45. Qe2 {[%clk 0:02:57]} Qxf3+ {[%clk 0:39:17]} 0-1

[Event "MSR_ch20"]
[Site "?"]
[Date "2024.04.12"]
[Round "9.16"]
[White "Filo, David"]
[Black "Lichvar, Simon"]
[Result "0-1"]
[BlackElo "1302"]
[WhiteElo "1837"]
[LiveChessVersion "1.4.8"]

1. d4 {[%clk 1:30:56]} Nf6 {[%clk 1:30:53]} 2. Nf3 {[%clk 1:31:17]} e6
{[%clk 1:30:25]} 3. c4 {[%clk 1:31:38]} c5 {[%clk 1:30:49]} 4. Nc3
{[%clk 1:29:24]} a6 {[%clk 1:29:08]} 5. e3 {[%clk 1:28:29]} cxd4 {[%clk 1:28:25]}
6. exd4 {[%clk 1:28:50]} d5 {[%clk 1:28:37]} 7. Bg5 {[%clk 1:27:40]} Be7
{[%clk 1:27:56]} 8. Be2 {[%clk 1:24:27]} dxc4 {[%clk 1:26:29]} 9. Bxc4
{[%clk 1:24:49]} b5 {[%clk 1:26:37]} 10. Bb3 {[%clk 1:25:12]} O-O
{[%clk 1:25:53]} 11. Qe2 {[%clk 1:22:26]} Bb7 {[%clk 1:21:59]} 12. Rd1
{[%clk 1:21:25]} Qc7 {[%clk 1:17:33]} 13. O-O {[%clk 1:20:13]} Nbd7
{[%clk 1:15:32]} 14. d5 {[%clk 1:13:24]} e5 {[%clk 1:11:19]} 15. Rfe1
{[%clk 0:57:33]} Bd6 {[%clk 1:06:30]} 16. Bxf6 {[%clk 0:48:25]} Nxf6
{[%clk 1:06:13]} 17. Ne4 {[%clk 0:47:31]} Nxe4 {[%clk 1:03:54]} 18. Qxe4
{[%clk 0:47:52]} Rfe8 {[%clk 1:02:53]} 19. h4 {[%clk 0:38:19]} Bc8
{[%clk 0:55:54]} 20. Rc1 {[%clk 0:35:30]} Qe7 {[%clk 0:54:48]} 21. Rxc8
{[%clk 0:23:54]} Raxc8 {[%clk 0:53:52]} 22. Ng5 {[%clk 0:23:52]} g6
{[%clk 0:48:01]} 23. g4 {[%clk 0:23:01]} Qf6 {[%clk 0:43:45]} 24. Qd3
{[%clk 0:21:49]} e4 {[%clk 0:39:55]} 25. Nxe4 {[%clk 0:19:09]} Qf4
{[%clk 0:38:54]} 26. Re3 {[%clk 0:16:44]} Qxg4+ {[%clk 0:35:28]} 27. Kf1
{[%clk 0:17:06]} Rc1+ {[%clk 0:35:26]} 0-1

[Event "MSR_ch20"]
[Site "?"]
[Date "2024.04.12"]
[Round "9.17"]
[White "Svorad, Tomas"]
[Black "Duda, Daniel"]
[Result "1-0"]
[BlackElo "1654"]
[WhiteElo "1746"]
[LiveChessVersion "1.4.8"]

1. b4 {[%clk 1:30:53]} e6 {[%clk 1:29:56]} 2. Bb2 {[%clk 1:30:57]} Nf6
{[%clk 1:30:14]} 3. a3 {[%clk 1:31:07]} c5 {[%clk 1:28:52]} 4. bxc5
{[%clk 1:26:29]} Bxc5 {[%clk 1:29:15]} 5. d4 {[%clk 1:26:35]} Be7
{[%clk 1:27:16]} 6. Nf3 {[%clk 1:26:12]} b6 {[%clk 1:18:49]} 7. e3
{[%clk 1:25:11]} Bb7 {[%clk 1:16:36]} 8. Be2 {[%clk 1:25:29]} O-O
{[%clk 1:16:44]} 9. O-O {[%clk 1:24:50]} d6 {[%clk 1:14:53]} 10. c4
{[%clk 1:23:58]} Nbd7 {[%clk 1:12:43]} 11. Nbd2 {[%clk 1:22:46]} Re8
{[%clk 1:04:24]} 12. Qb3 {[%clk 1:21:20]} Nf8 {[%clk 1:03:42]} 13. Rfd1
{[%clk 1:17:03]} a5 {[%clk 0:57:36]} 14. Rac1 {[%clk 1:06:24]} a4
{[%clk 0:53:47]} 15. Qb4 {[%clk 1:01:16]} Qd7 {[%clk 0:46:28]} 16. d5
{[%clk 0:54:23]} exd5 {[%clk 0:40:00]} 17. Bxf6 {[%clk 0:54:35]} Bxf6
{[%clk 0:39:15]} 18. cxd5 {[%clk 0:54:55]} Ba6 {[%clk 0:35:52]} 19. Nc4
{[%clk 0:54:09]} Re4 {[%clk 0:18:48]} 20. Bd3 {[%clk 0:50:55]} Rg4
{[%clk 0:16:37]} 21. h3 Bxc4 22. hxg4 {[%clk 0:50:39]} Bxd5 {[%clk 0:12:39]} 23.
Bxh7+ {[%clk 0:39:02]} Kxh7 {[%clk 0:11:00]} 24. Rxd5 {[%clk 0:36:01]} Be7
{[%clk 0:11:27]} 25. Qe4+ {[%clk 0:27:33]} g6 {[%clk 0:10:20]} 1-0

[Event "MSR_ch20"]
[Site "?"]
[Date "2024.04.12"]
[Round "9.18"]
[White "Sulik, Adrian"]
[Black "Bucor, Mark"]
[Result "0-1"]
[BlackElo "1884"]
[WhiteElo "1000"]
[LiveChessVersion "1.4.8"]

1. d4 {[%clk 1:31:13]} Nf6 2. c4 e6 {[%clk 1:31:17]} 3. Nc3 {[%clk 1:31:33]} c5
{[%clk 1:31:42]} 4. d5 {[%clk 1:31:03]} exd5 {[%clk 1:31:52]} 5. cxd5
{[%clk 1:31:25]} d6 {[%clk 1:32:16]} 6. e4 {[%clk 1:30:31]} g6 {[%clk 1:32:03]}
7. Nf3 {[%clk 1:30:44]} Bg7 {[%clk 1:32:26]} 8. Bd3 {[%clk 1:30:18]} O-O
{[%clk 1:32:46]} 9. O-O {[%clk 1:30:30]} Bg4 {[%clk 1:33:09]} 10. h3
{[%clk 1:29:19]} Bxf3 {[%clk 1:33:33]} 11. Qxf3 {[%clk 1:29:39]} Nfd7
{[%clk 1:33:47]} 12. Qe2 {[%clk 1:28:02]} a6 {[%clk 1:34:07]} 13. Bf4
{[%clk 1:26:53]} Ne5 {[%clk 1:33:54]} 14. Rac1 b5 {[%clk 1:34:04]} 15. a3
{[%clk 1:24:47]} Nbd7 16. Bg3 {[%clk 1:23:46]} c4 {[%clk 1:31:08]} 17. Bb1
{[%clk 1:23:28]} Nc5 {[%clk 1:30:52]} 18. Bxe5 {[%clk 1:22:59]} Bxe5
{[%clk 1:30:08]} 19. Qe3 {[%clk 1:22:09]} Qf6 {[%clk 1:24:48]} 20. Bc2
{[%clk 1:15:10]} Rab8 {[%clk 1:18:31]} 21. Rcd1 {[%clk 1:10:32]} g5
{[%clk 1:17:03]} 22. h4 {[%clk 1:07:32]} Bf4 {[%clk 1:16:01]} 23. Qf3
{[%clk 1:06:34]} Kh8 {[%clk 1:16:23]} 24. g3 {[%clk 1:06:46]} Be5
{[%clk 1:16:46]} 25. Qxf6+ Bxf6 26. hxg5 {[%clk 1:07:03]} Bxg5 {[%clk 1:17:03]}
27. Rfe1 {[%clk 1:06:08]} b4 {[%clk 1:16:13]} 28. axb4 {[%clk 1:06:09]} Rxb4
{[%clk 1:16:35]} 29. f4 Rxb2 {[%clk 1:15:42]} 30. fxg5 {[%clk 1:05:08]} Rxc2
{[%clk 1:15:57]} 31. Rc1 {[%clk 1:05:23]} Rxc1 {[%clk 1:11:05]} 32. Rxc1
{[%clk 1:05:37]} Rc8 {[%clk 1:09:21]} 33. Rf1 {[%clk 1:04:25]} Kg7
{[%clk 1:08:31]} 34. Rf6 {[%clk 1:04:27]} Nb7 {[%clk 0:58:45]} 35. Kf2
{[%clk 1:02:07]} a5 {[%clk 0:57:17]} 36. Ke3 {[%clk 0:59:44]} a4 {[%clk 0:54:48]}
37. Kd4 {[%clk 0:55:02]} a3 {[%clk 0:54:20]} 38. Rf2 {[%clk 0:52:42]} Nc5
{[%clk 0:53:16]} 39. Ra2 {[%clk 0:51:58]} Nb3+ {[%clk 0:53:39]} 40. Ke3
{[%clk 0:51:47]} Ra8 {[%clk 0:53:52]} 41. Nb5 {[%clk 0:51:01]} c3
{[%clk 0:51:35]} 42. Nxc3 {[%clk 0:49:50]} Nc1 {[%clk 0:48:54]} 43. Rc2
{[%clk 0:48:50]} a2 {[%clk 0:47:10]} 44. Nxa2 {[%clk 0:49:14]} Nxa2
{[%clk 0:47:29]} 45. Rc6 {[%clk 0:49:35]} Rd8 {[%clk 0:44:32]} 46. g4
{[%clk 0:48:04]} Kf8 {[%clk 0:43:32]} 47. Ra6 {[%clk 0:47:56]} Nc3
{[%clk 0:42:21]} 48. Kf4 {[%clk 0:47:11]} Nb5 {[%clk 0:41:50]} 49. Rb6
{[%clk 0:47:12]} Nc7 {[%clk 0:41:27]} 50. Rb7 {[%clk 0:46:27]} Ne8
{[%clk 0:41:33]} 51. e5 {[%clk 0:46:19]} dxe5+ {[%clk 0:40:20]} 52. Kxe5
{[%clk 0:46:33]} Kg7 {[%clk 0:38:27]} 53. Rb6 {[%clk 0:45:44]} Nc7
{[%clk 0:35:33]} 54. Rd6 {[%clk 0:43:58]} Rxd6 {[%clk 0:33:02]} 55. Kxd6
{[%clk 0:44:06]} Nxd5 {[%clk 0:33:24]} 56. Kxd5 {[%clk 0:44:20]} Kg6
{[%clk 0:33:47]} 57. Ke4 {[%clk 0:44:37]} Kxg5 {[%clk 0:34:08]} 58. Kf3
{[%clk 0:44:56]} h5 {[%clk 0:25:18]} 59. gxh5 {[%clk 1:14:29]} Kxh5
{[%clk 0:25:38]} 60. Kf4 {[%clk 1:14:47]} Kg6 {[%clk 0:25:49]} 61. Ke5
{[%clk 1:14:28]} Kg5 {[%clk 0:26:07]} 62. Ke4 {[%clk 1:14:33]} Kg4
{[%clk 0:26:05]} 63. Ke3 {[%clk 1:14:45]} Kf5 {[%clk 0:26:13]} 64. Kf2
{[%clk 1:14:06]} Kf4 {[%clk 0:26:29]} 65. Ke2 {[%clk 1:14:22]} f6
{[%clk 0:25:18]} 66. Kf2 {[%clk 1:14:36]} f5 {[%clk 0:25:35]} 67. Ke2
{[%clk 1:14:59]} Kg3 {[%clk 0:26:00]} 68. Kf1 {[%clk 1:15:23]} Kf3
{[%clk 0:26:10]} 69. Ke1 {[%clk 1:15:24]} Kg2 {[%clk 0:26:12]} 70. Ke2
{[%clk 1:15:51]} f4 {[%clk 0:26:34]} 0-1

[Event "MSR_ch20"]
[Site "?"]
[Date "2024.04.12"]
[Round "9.19"]
[White "Volanek, Maros"]
[Black "Piroska, Samuel"]
[Result "1-0"]
[BlackElo "1667"]
[WhiteElo "1822"]
[LiveChessVersion "1.4.8"]

1. e4 {[%clk 1:30:58]} b6 {[%clk 1:27:05]} 2. d4 {[%clk 1:30:33]} Bb7
{[%clk 1:27:27]} 3. Bd3 {[%clk 1:30:38]} g6 {[%clk 1:27:48]} 4. c4
{[%clk 1:30:19]} Bg7 {[%clk 1:28:09]} 5. Be3 {[%clk 1:30:34]} d6 {[%clk 1:28:08]}
6. Nc3 {[%clk 1:30:45]} Nd7 {[%clk 1:28:17]} 7. f3 {[%clk 1:30:39]} e6
{[%clk 1:28:20]} 8. Qd2 {[%clk 1:30:33]} c5 {[%clk 1:27:41]} 9. d5
{[%clk 1:30:10]} e5 {[%clk 1:26:34]} 10. Nge2 {[%clk 1:30:09]} a6
{[%clk 1:26:36]} 11. O-O-O {[%clk 1:28:06]} Qc7 {[%clk 1:24:39]} 12. g4
{[%clk 1:27:26]} h6 {[%clk 1:23:31]} 13. Ng3 {[%clk 1:26:46]} Ne7
{[%clk 1:21:24]} 14. h4 {[%clk 1:25:19]} O-O-O {[%clk 1:21:09]} 15. g5
{[%clk 1:22:56]} h5 {[%clk 1:21:14]} 16. f4 {[%clk 1:23:07]} f6 {[%clk 1:14:14]}
17. f5 {[%clk 1:16:25]} Nf8 {[%clk 1:00:12]} 18. Rdf1 {[%clk 1:15:28]} gxf5
{[%clk 0:59:49]} 19. exf5 {[%clk 1:12:34]} Ng8 {[%clk 0:54:49]} 20. g6
{[%clk 1:06:48]} Nh6 {[%clk 0:53:24]} 21. Nxh5 {[%clk 1:05:34]} Ng4
{[%clk 0:52:46]} 22. Nxg7 {[%clk 1:05:35]} Nxe3 {[%clk 0:52:40]} 23. Qxe3
{[%clk 1:05:52]} Qxg7 {[%clk 0:53:03]} 24. h5 {[%clk 1:06:11]} Rh6
{[%clk 0:51:50]} 25. Ne4 {[%clk 1:06:08]} Kc7 {[%clk 0:43:55]} 26. Nxf6
{[%clk 1:06:14]} 1-0

[Event "MSR_ch20"]
[Site "?"]
[Date "2024.04.12"]
[Round "9.20"]
[White "Loffay, Pavol"]
[Black "Zatko, Slavomir"]
[Result "1-0"]
[BlackElo "1684"]
[WhiteElo "1803"]
[LiveChessVersion "1.4.8"]

1. f4 {[%clk 1:30:58]} e5 {[%clk 1:30:30]} 2. e4 {[%clk 1:31:26]} d5
{[%clk 1:30:53]} 3. exd5 {[%clk 1:31:51]} exf4 {[%clk 1:31:16]} 4. Nf3
{[%clk 1:32:09]} Nf6 {[%clk 1:30:35]} 5. d4 {[%clk 1:31:44]} Nxd5
{[%clk 1:29:31]} 6. Bc4 {[%clk 1:30:38]} Qe7+ {[%clk 1:28:46]} 7. Qe2
{[%clk 1:28:13]} Qxe2+ {[%clk 1:27:51]} 8. Bxe2 {[%clk 1:28:15]} Bf5
{[%clk 1:26:02]} 9. Bd1 {[%clk 1:25:16]} Bd6 {[%clk 1:23:20]} 10. O-O
{[%clk 1:24:10]} O-O {[%clk 1:22:41]} 11. Re1 {[%clk 1:22:19]} c5
{[%clk 1:17:29]} 12. c4 {[%clk 1:18:50]} Nb4 {[%clk 1:14:00]} 13. Nh4
{[%clk 1:15:51]} Bxb1 {[%clk 1:08:30]} 14. Rxb1 {[%clk 1:15:09]} cxd4
{[%clk 1:07:02]} 15. Bf3 {[%clk 1:13:05]} N8c6 {[%clk 1:05:32]} 16. a3
{[%clk 1:12:35]} Nd3 {[%clk 1:02:54]} 17. Rd1 {[%clk 1:12:42]} Nxc1
{[%clk 1:02:38]} 18. Rbxc1 {[%clk 1:13:03]} f5 {[%clk 0:58:10]} 19. Bd5+
{[%clk 1:12:24]} Kh8 {[%clk 0:58:13]} 20. Nf3 {[%clk 1:12:36]} Rab8
{[%clk 0:51:42]} 21. b4 {[%clk 1:11:27]} Rfe8 {[%clk 0:47:35]} 22. Bxc6
{[%clk 1:11:14]} bxc6 {[%clk 0:47:54]} 23. Nxd4 {[%clk 1:11:36]} Bf8
{[%clk 0:40:20]} 24. Nxc6 {[%clk 1:11:08]} Rb7 {[%clk 0:38:15]} 25. Rd3
{[%clk 1:07:23]} Rc7 {[%clk 0:35:30]} 26. Na5 {[%clk 1:03:17]} Rce7
{[%clk 0:32:20]} 27. Rcd1 {[%clk 1:00:47]} Re1+ {[%clk 0:30:59]} 28. Rxe1
{[%clk 1:01:06]} Rxe1+ {[%clk 0:31:14]} 29. Kf2 {[%clk 1:01:31]} Re8
{[%clk 0:30:55]} 30. c5 {[%clk 1:01:30]} g5 {[%clk 0:30:44]} 31. c6
{[%clk 1:01:47]} g4 {[%clk 0:29:51]} 32. c7 {[%clk 1:00:50]} g3+ {[%clk 0:28:33]}
33. hxg3 {[%clk 1:01:03]} fxg3+ {[%clk 0:28:54]} 34. Kf3 {[%clk 1:01:13]} f4
{[%clk 0:28:26]} 35. Rd8 {[%clk 1:00:43]} Rxd8 {[%clk 0:28:19]} 36. cxd8=Q
{[%clk 1:01:08]} 1-0

[Event "MSR_ch20"]
[Site "?"]
[Date "2024.04.12"]
[Round "9.21"]
[White "Osvald, Jakub"]
[Black "Richnak, Michal"]
[Result "0-1"]
[BlackElo "1626"]
[WhiteElo "1517"]
[LiveChessVersion "1.4.8"]

1. f4 {[%clk 1:30:46]} d5 {[%clk 1:30:32]} 2. Nf3 {[%clk 1:31:08]} Nf6
{[%clk 1:29:37]} 3. e3 {[%clk 1:31:20]} Bf5 {[%clk 1:28:29]} 4. b3
{[%clk 1:31:12]} e6 {[%clk 1:27:54]} 5. Bb2 {[%clk 1:30:25]} Bd6 {[%clk 1:26:41]}
6. g3 {[%clk 1:27:20]} O-O {[%clk 1:26:37]} 7. d3 {[%clk 1:25:58]} Nc6
{[%clk 1:24:33]} 8. Nbd2 {[%clk 1:23:22]} Ng4 {[%clk 1:24:03]} 9. Qe2
{[%clk 1:17:42]} Nb4 {[%clk 1:23:50]} 10. Kd1 {[%clk 1:13:31]} Nf6
{[%clk 1:19:24]} 11. e4 {[%clk 1:10:23]} dxe4 {[%clk 1:15:57]} 12. dxe4
{[%clk 1:08:48]} Nxe4 {[%clk 1:16:23]} 13. Nxe4 {[%clk 1:08:15]} Be5+
{[%clk 1:16:50]} 14. Kc1 {[%clk 1:07:22]} Bxb2+ {[%clk 1:16:07]} 15. Kxb2
{[%clk 1:07:31]} Qd5 {[%clk 1:15:19]} 16. Nc3 {[%clk 1:02:03]} Qc6
{[%clk 1:14:36]} 17. Rc1 {[%clk 0:59:26]} Rfd8 {[%clk 1:14:45]} 18. Bg2
{[%clk 0:59:08]} Qb6 {[%clk 1:12:35]} 19. a3 {[%clk 0:50:06]} a5 {[%clk 1:10:47]}
20. Rhd1 {[%clk 0:46:12]} Nd5 {[%clk 1:08:46]} 21. Nxd5 {[%clk 0:39:10]} exd5
{[%clk 1:08:12]} 22. Nd4 {[%clk 0:35:30]} Be6 {[%clk 1:08:36]} 23. Nxe6
{[%clk 0:34:58]} fxe6 {[%clk 1:09:02]} 24. Qd2 {[%clk 0:34:30]} c5
{[%clk 1:08:59]} 25. c3 {[%clk 0:30:48]} c4 {[%clk 1:08:58]} 26. b4
{[%clk 0:31:04]} axb4 {[%clk 1:09:25]} 27. cxb4 {[%clk 0:31:11]} Ra4
{[%clk 1:08:40]} 28. Qd4 {[%clk 0:26:52]} Qa6 {[%clk 1:05:23]} 29. Rc3
{[%clk 0:25:24]} Ra8 {[%clk 1:05:34]} 30. Qe3 {[%clk 0:19:36]} Rxb4+
{[%clk 1:05:45]} 31. Ka2 {[%clk 0:19:24]} Rb3 {[%clk 1:04:54]} 32. Re1
{[%clk 0:17:41]} Qxa3# {[%clk 1:05:10]} 0-1

[Event "MSR_ch20"]
[Site "?"]
[Date "2024.04.12"]
[Round "9.22"]
[White "Droppa, Kristian"]
[Black "Mitas, Daniel"]
[Result "0-1"]
[BlackElo "1614"]
[WhiteElo "1594"]
[LiveChessVersion "1.4.8"]

1. e4 {[%clk 1:30:51]} e5 {[%clk 1:30:56]} 2. Nf3 {[%clk 1:31:11]} Nc6
{[%clk 1:31:18]} 3. Bc4 {[%clk 1:31:30]} Nf6 {[%clk 1:31:06]} 4. Ng5
{[%clk 1:29:07]} d5 {[%clk 1:27:45]} 5. exd5 {[%clk 1:29:22]} Na5
{[%clk 1:27:43]} 6. Bb5+ {[%clk 1:29:33]} Bd7 {[%clk 1:26:58]} 7. Qe2
{[%clk 1:28:22]} Be7 {[%clk 1:24:08]} 8. Bxd7+ {[%clk 1:21:27]} Nxd7
{[%clk 1:23:50]} 9. Nf3 {[%clk 1:19:25]} O-O {[%clk 1:20:41]} 10. d3
{[%clk 1:16:36]} b6 {[%clk 1:17:21]} 11. O-O {[%clk 1:13:48]} Bf6
{[%clk 1:14:39]} 12. Nc3 {[%clk 1:02:33]} c6 {[%clk 1:12:48]} 13. b4
{[%clk 1:01:35]} e4 {[%clk 1:12:10]} 14. dxe4 {[%clk 0:49:29]} Bxc3
{[%clk 1:09:58]} 15. Rb1 {[%clk 0:46:20]} cxd5 {[%clk 1:08:31]} 16. bxa5
{[%clk 0:33:45]} dxe4 {[%clk 1:07:57]} 17. Ng5 {[%clk 0:31:28]} Bxa5
{[%clk 1:06:40]} 18. Qxe4 {[%clk 0:19:28]} Nf6 {[%clk 1:05:33]} 19. Qc4
{[%clk 0:18:17]} Rc8 {[%clk 1:01:34]} 20. Qb3 {[%clk 0:17:27]} Qc7
{[%clk 0:55:52]} 21. Ba3 {[%clk 0:15:47]} Rfe8 {[%clk 0:50:56]} 22. Rfd1
{[%clk 0:12:25]} h6 {[%clk 0:50:17]} 23. Bd6 {[%clk 0:07:54]} Qc4
{[%clk 0:49:32]} 24. Nf3 {[%clk 0:06:14]} Qxc2 {[%clk 0:49:12]} 25. Nd4
{[%clk 0:03:41]} Qxb3 {[%clk 0:48:37]} 26. axb3 {[%clk 0:02:51]} Ne4
{[%clk 0:48:11]} 27. Bf4 {[%clk 0:01:46]} Nc3 {[%clk 0:48:26]} 28. b4
{[%clk 0:01:00]} Nxd1 {[%clk 0:48:44]} 29. bxa5 {[%clk 0:00:58]} Re1# 0-1

[Event "MSR_ch20"]
[Site "?"]
[Date "2024.04.12"]
[Round "9.23"]
[White "Rerko, Samuel"]
[Black "Ondrejicka, Tomas"]
[Result "1-0"]
[BlackElo "1530"]
[WhiteElo "1584"]
[LiveChessVersion "1.4.8"]

1. c4 {[%clk 1:30:40]} e5 {[%clk 1:30:55]} 2. g3 {[%clk 1:30:59]} c6
{[%clk 1:31:17]} 3. Nf3 {[%clk 1:31:11]} e4 {[%clk 1:31:15]} 4. Nd4
{[%clk 1:31:21]} d5 {[%clk 1:29:47]} 5. cxd5 {[%clk 1:28:36]} Qxd5
{[%clk 1:29:19]} 6. e3 {[%clk 1:28:47]} c5 {[%clk 1:26:18]} 7. Nc3
{[%clk 1:26:55]} Qd8 {[%clk 1:24:06]} 8. Nde2 {[%clk 1:24:39]} f5
{[%clk 1:22:33]} 9. Bg2 {[%clk 1:23:20]} Nf6 {[%clk 1:22:51]} 10. O-O
{[%clk 1:22:32]} Be6 {[%clk 1:21:36]} 11. b3 {[%clk 1:20:44]} Nbd7
{[%clk 1:19:44]} 12. f3 {[%clk 1:16:58]} exf3 {[%clk 1:16:26]} 13. Rxf3
{[%clk 1:16:10]} Ne5 {[%clk 1:15:04]} 14. Rf1 {[%clk 1:13:17]} Qd7
{[%clk 1:13:25]} 15. Nf4 {[%clk 1:07:00]} Rb8 {[%clk 1:11:26]} 16. Nxe6
{[%clk 1:03:19]} Qxe6 {[%clk 1:11:43]} 17. Qc2 {[%clk 0:54:57]} Bd6
{[%clk 1:03:08]} 18. Rxf5 {[%clk 0:41:17]} O-O {[%clk 1:00:35]} 19. Bb2
{[%clk 0:37:50]} Nfg4 {[%clk 0:53:12]} 20. Bd5 {[%clk 0:37:15]} Rxf5
{[%clk 0:52:53]} 21. Bxe6+ {[%clk 0:37:40]} 1-0